Domácnosť a škola časopis rodinný a učiteľský

Bibliographic Details
Format: Journal
Language:Slovak
PhysicalDescription:4 zv. 26 cm
Published: Ilok Jozef Maliak 1911-1914
Subjects:
Online Access:http://digicontent.snk.sk/content/journals/Domacnost%20a%20skola/

MARC

LEADER 00000cas a2200000 a 4500
001 vtls010297444
003 SK-MaSNL
005 20260425194230.0
008 200401d19111914ci mr|p 0 b0slo
040 |a SNK  |b slo  |c SNK  |e AACR2 
041 0 |a slo 
044 |a ci  |c HR  |a xo  |c SK 
072 7 |a 37  |x Výchova a vzdelávanie  |2 konspekt 
072 7 |a 371  |x Školstvo (organizácia)  |2 konspekt 
072 7 |a 159.9  |x Psychológia  |2 konspekt 
080 |a 37  |2 2001 
080 |a 050  |2 2001 
080 |a 159.922.7  |2 2001 
080 |a 371  |2 2001 
245 0 0 |a Domácnosť a škola  |b časopis rodinný a učiteľský 
260 |a Ilok  |b Jozef Maliak  |c 1911-1914 
300 |a 4 zv.  |c 26 cm 
310 |a 1x mesačne 
362 0 |a Roč. I, č. 1 (1911)-roč. IV, č. 9 (1914) 
500 |a Red. a vyd.: Jozef Maliak 
650 0 7 |a výchova  |2 SNKPH  |9 957 
650 0 7 |a vzdelávanie  |2 SNKPH  |9 4033 
650 0 7 |a psychológia dieťaťa  |2 SNKPH  |9 1793 
650 0 7 |a pedagogika  |2 SNKPH  |9 955 
650 0 7 |a školstvo  |2 SNKPH  |9 19712 
655 7 |a špecializované časopisy  |2 SNKPH  |9 70509 
700 1 |a Maliak, Jozef,  |d 1854-1945  |4 red  |4 pbl  |9 88362 
856 4 1 |u http://digicontent.snk.sk/content/journals/Domacnost%20a%20skola/ 
910 |a snk 
910 |a snmk 
916 |a 1911-1914 
958 |a ONDV 
999 |c 7804  |d 9734 
952 |t č. 1-12  |a SNK  |b SNK  |y PREZ  |7 0  |p 17A0091829  |o snkČSB 48/1/1911  |i snk2116/27  |f 1  |0 0  |1 0  |4 0  |d 1997-09-05  |l 0  |r 2005-01-02 00:00:00  |w 2026-02-21 
952 |t č. 1-12  |a SNK  |b SNK  |y PREZ  |7 0  |p 17A1024043  |o snkČSB 48/1/1911 D1  |i snkXI. 3807/55  |0 0  |1 0  |4 0  |d 2014-02-11  |l 0  |r 2026-02-21 20:32:16  |w 2026-02-21 
952 |t č. 1-9  |a SNK  |b SNK  |y PREZ  |7 0  |p 17A0119321  |o snkČSB 48/4/1914  |i snk135/29  |0 0  |1 0  |4 0  |d 1998-01-20  |l 0  |r 2005-01-02 00:00:00  |w 2026-02-21 
952 |t č. 1-9  |a SNK  |b SNK  |y PREZ  |7 0  |p 17A0120056  |o snkČSB 48/4/1914 D1  |0 0  |1 0  |4 0  |d 1998-01-29  |l 0  |r 2005-01-02 00:00:00  |w 2026-02-21 
952 |t č. 1-12  |a SNK  |b SNK  |y PREZ  |7 0  |p 17A0120239  |o snkČSB 48/2/1912  |i snk2117/27  |f 1  |0 0  |1 0  |4 0  |d 1998-01-29  |l 0  |r 2005-01-02 00:00:00  |w 2026-02-21 
952 |t č. 1-12  |a SNK  |b SNK  |y PREZ  |7 0  |p 17A0245507  |o snkČSB 48/2/1912 D1  |0 0  |1 0  |4 0  |d 2000-07-17  |l 0  |r 2005-01-02 00:00:00  |w 2026-02-21 
952 |t č. 1-12  |a SNK  |b SNK  |y PREZ  |7 0  |p 17A0418892  |o snkČSB 48/3/1913  |i snk2118/27  |f 1  |0 0  |1 0  |4 0  |d 1996-12-16  |l 0  |r 2005-01-01 00:00:00  |w 2026-02-21 
952 |t č. 1-12  |a SNK  |b SNK  |y PREZ  |7 0  |p 17A0120715  |o snkČSB 48/3/1913 D1  |0 0  |1 0  |4 0  |d 1998-01-29  |l 0  |r 2005-01-01 00:00:00  |w 2026-02-21